| Tag |
First Indicator |
Second Indicator |
Subfields |
| LEADER |
00000cam a2200000 4500 |
| 001 |
in00001514513 |
| 005 |
20151021111224.0 |
| 008 |
841105m19669999cs abf d 000 0 cze |
| 010 |
|
|
|a 66098246
|
| 035 |
|
|
|a (OCoLC)11398672
|
| 035 |
|
|
|9 AJL6831AM
|
| 040 |
|
|
|a DLC
|c DLC
|d TXA
|d UtOrBLW
|
| 049 |
|
|
|a TXAM
|
| 050 |
0 |
0 |
|a S411
|b .N3
|
| 082 |
0 |
0 |
|a 630/.3/9186
|2 19
|
| 245 |
0 |
0 |
|a Naučný slovník zemědělský /
|c [Pod vedením hlavní redakční rady zprac. Encyklopedická kancelář vydavatelství ÚVTIMZLH. Vedoucí Miroslav Znamenáček].
|
| 250 |
|
|
|a [1. vyd.].
|
| 264 |
|
1 |
|a Praha :
|b Vydal Ústav vědeckotechnických informací MZLH ve Státním zemědělském nakl,
|c [1966]-<1984>
|
| 300 |
|
|
|a volumes <1-5, 7-10 > :
|b illustrations, color plates, maps (part folded color) ;
|c 24 cm.
|
| 336 |
|
|
|a text
|b txt
|2 rdacontent
|
| 337 |
|
|
|a unmediated
|b n
|2 rdamedia
|
| 338 |
|
|
|a volume
|b nc
|2 rdacarrier
|
| 650 |
|
0 |
|a Agriculture
|v Dictionaries
|x Czech.
|
| 700 |
1 |
|
|a Znamenáček, Miroslav,
|e editor.
|
| 710 |
1 |
|
|a Czechoslovakia.
|b Ministerstvo zemědělství, lesního a vodního hospodářství.
|b Ústav vědeckotechnických informací.
|
| 948 |
|
|
|a c:tc
|
| 999 |
|
|
|a MARS
|
| 999 |
f |
f |
|s da3ad8a1-46a4-331d-ac7e-816cd0d5de55
|i 0e69f808-2df6-35e5-9407-2598c31a9cda
|t 0
|
| 952 |
f |
f |
|p ric
|a Texas A&M University
|b Rellis Campus
|c Joint Library Facility
|d Remote Storage
|t 0
|e S411 .N3
|h Library of Congress classification
|i unmediated -- volume
|k no.11
|m A14825417300
|
| 998 |
f |
f |
|a S411 .N3
|s no. 11
|t 0
|l Remote Storage
|